Statistics for Former flags of Asia

Click here to take the quiz!

General Stats

  • This quiz has been taken 40 times
    (31 since last reset)
  • The average score is 5 of 7

Answer Stats

Answer% Correct
China
86%
Korea
79%
Japan
75%
Tibet
75%
Bangladesh
71%
Siam
61%
Iran
50%

Score Distribution

Percentile by Number Answered

Percent of People with Each Score

Your Score History

You have not taken this quiz since the last reset